000 005190000a22001690004500
020 _a9978-45-307-5
050 4 _aCD 055
245 1 0 _aManual de Informática Moderna
260 _aAlabama
505 0 0 _aDemos de: Diseño gráfico (Corel Draw, Fireworks, Flash, Autodesk 3DS max) Internet (Dreamweaver 8) Programación (Php, MySql)
650 1 4 _aNUEVAS TECNOLOGÍAS
001 14547
942 _cBK
999 _c43403
_d43403
336 _atexto
_btxt
_2rdacontent
337 _2rdamedia
_asin mediación
_bn
338 _2rdacarrier
_avolumen
_bnc